000 00485nam a22001697a 4500
005 20231024125806.0
008 231024b |||||||| |||| 00| 0 eng d
020 _a9780307390837
041 _aEnglish
082 _a347.1 BRE
100 _aBreyer S
_lEnglish
245 _aMaking our Democracy Work /
_cS Breyer
260 _aUnited States :
_bVintage Books,
_c2011
300 _bxiv, 270 pages ;
_c21,2 cm.
650 _aLegal Practice
_bLaw
942 _cBK
_6ALISON_BN_VRIES
999 _c29
_d29